<?xml version="1.0" encoding="UTF-8"?>
<marc:record xmlns:marc="http://www.loc.gov/MARC21/slim">
   <marc:leader>00000nam a2200000 a 4500</marc:leader>
   <marc:datafield ind1=" " ind2=" " tag="653">
      <marc:subfield code="a">Drama: Tragödie</marc:subfield>
   </marc:datafield>
   <marc:datafield ind1=" " ind2=" " tag="653">
      <marc:subfield code="a">Liebesfilm</marc:subfield>
   </marc:datafield>
   <marc:datafield ind1=" " ind2=" " tag="653">
      <marc:subfield code="a">Familienepos</marc:subfield>
   </marc:datafield>
   <marc:datafield ind1=" " ind2=" " tag="653">
      <marc:subfield code="a">Melodram</marc:subfield>
   </marc:datafield>
   <marc:datafield ind1=" " ind2=" " tag="653">
      <marc:subfield code="a">Kinder- und Jugendproblematik (Spielfilme auf DVD)</marc:subfield>
   </marc:datafield>
   <marc:datafield ind1="0" ind2="0" tag="245">
      <marc:subfield code="a">Promising Young Woman - Rache war noch nie so süss</marc:subfield>
   </marc:datafield>
   <marc:datafield ind1=" " ind2="1" tag="264">
      <marc:subfield code="a">o.Oa.</marc:subfield>
      <marc:subfield code="b">Universal  Studios</marc:subfield>
      <marc:subfield code="c">2021</marc:subfield>
   </marc:datafield>
   <marc:datafield ind1="1" ind2=" " tag="520">
      <marc:subfield code="a">Rache war nie so süß! Alle hielten Cassie (Carey Mulligan) für eine vielversprechende junge Frau - bis ein mysteriöses Ereignis ihre Karriere eines Tages abrupt beendet hat. Jetzt ist in ihrem Leben nichts, wie es scheint: Cassie ist sehr klug und raffiniert und führt nachts ein geheimes Doppelleben. Dann gibt eine unerwartete Begegnung ihr die Gelegenheit, mit den Fehlern der Vergangenheit aufzuräumen ... Emerald Fennell ("Killing Eve") liefert in ihrem packenden und äußerst kurzweiligen Regiedebüt eine köstliche Variation des Themas Rache. Presse: - "Der beste Film des Jahres" - (Stern) Auszeichnung: OSCAR Gewinner Bestes Originaldrehbuch</marc:subfield>
   </marc:datafield>
   <marc:datafield ind1=" " ind2=" " tag="020">
      <marc:subfield code="a">5053083232306</marc:subfield>
      <marc:subfield code="9">5053083232306</marc:subfield>
   </marc:datafield>
   <marc:datafield ind1=" " ind2=" " tag="300">
      <marc:subfield code="e">1 DVD</marc:subfield>
   </marc:datafield>
   <marc:datafield ind1="0" ind2=" " tag="490">
      <marc:subfield code="v">0</marc:subfield>
   </marc:datafield>
   <marc:datafield ind1=" " ind2=" " tag="300">
      <marc:subfield code="a">ca. 109Min.</marc:subfield>
   </marc:datafield>
</marc:record>
